| 000 | 00682nam a2200181 a 4500 | ||
|---|---|---|---|
| 003 | 0 | ||
| 005 | 20250507153106.0 | ||
| 008 | 970101s19uu xx 00 eng d | ||
| 050 |
_aPHS LC 5800 _b.L56 2004 |
||
| 100 | _aLimbona, Shalimar D. | ||
| 245 |
_aA Study on the perceptions of students on the home study program of our Lady of Carmel / _cShalimar D. Limbona. |
||
| 260 |
_aLas PiƱas City, Philippines : _bSouthville International School and Colleges, _c2004. |
||
| 300 |
_a28 pages : _billustrations ; _c28 cm. |
||
| 504 | _aIncludes bibliographical references. | ||
| 650 |
_aHome schooling _zPhilippines. |
||
| 650 |
_aDistance education _zPhilippines. |
||
| 942 |
_2lcc _cPASS |
||
| 999 |
_c97134 _d97134 |
||